000 00451nam a2200145Ia 4500
041 _aArabic
082 _a341,233 cut-429 غ
100 _a20260118u\\\\\\\\\\\y0engy0103\\\\ba
100 _aميلود بن غربي
245 0 _aمستقبل منظمة الامم المتحدة في ظل العولمة
250 _aط1
260 _bمنشورات الحلبي الحقوقية
_aبيروت - لبنان
_c2008
300 _a208
942 _cBk
999 _c188944
_d188944